| 000 | 00742nam a22001337a 4500 | ||
|---|---|---|---|
| 040 | _cRUA | ||
| 082 | _aFOR YU 2011 B140 Or.1 | ||
| 100 | _aYU, KIMLENG. | ||
| 245 | _aEffectiveness of implementation of the wildlife conservation management plan of preah vihea protected forest preah vihea province, ប្រសិទ្ធភាពនៃការអនុវត្តន៍ផែនការអភិរក្សសត្វព្រៃនៃតំបន់ព្រៃការពារព្រះវិហារ ខេត្តព្រះវិហារ | ||
| 260 |
_aPhnom Penh _bRUA _c2011 |
||
| 300 |
_aix; 53p. _bill. _c29cm. |
||
| 856 | _uhttps://drive.google.com/file/d/1ECvCiDISX3MTNip35Ml4SQHT429ih2rg/view?usp=sharing | ||
| 942 | _cFOR | ||
| 999 |
_c3418 _d3418 |
||